Gaming Quiz

Random Gaming or Video Games Quiz

Dota 2 Heroes Quiz Stats

Quiz Updated Feb 11, 2014

Challenge
Share
Tweet
Embed
Score 0/113 Timer 15:00
14 Plays Today
Attribute Hero % Correct
IntelligenceLina
86.4%
StrengthPudge
84.1%
StrengthEarth Spirit
83.8%
AgilityAnti-mage
82.9%
AgilityEmber Spirit
82.6%
StrengthIo
82.3%
IntelligenceCrystal Maiden
82.1%
IntelligenceWindranger
81.7%
StrengthAxe
81.6%
AgilityDrow Ranger
81.5%
AgilityRiki
80.5%
IntelligenceInvoker
80.2%
AgilityLuna
80%
IntelligenceStorm Spirit
79.9%
AgilityPhantom Assassin
79.9%
StrengthEarthshaker
79.8%
AgilityBounty Hunter
76.8%
StrengthAbaddon
76.7%
StrengthSven
76.4%
IntelligenceZeus
76%
StrengthTidehunter
75.9%
AgilityPhantom Lancer
75.8%
AgilityShadow Fiend
75.5%
AgilityMirana
75.5%
StrengthTiny
75.4%
IntelligenceNature's Prophet
75%
AgilityMonkey King
74.5%
IntelligenceEnigma
74.4%
IntelligenceLion
73.5%
StrengthWraith King
73.5%
AgilitySniper
73.3%
StrengthLifestealer
73.1%
StrengthKunkka
73.1%
StrengthDragon Knight
72.4%
StrengthChaos Knight
72.3%
AgilityTemplar Assassin
72.2%
StrengthAlchemist
72.2%
IntelligenceQueen of Pain
71.7%
Attribute Hero % Correct
AgilityNyx Assassin
71.6%
IntelligenceShadow Demon
71.5%
IntelligenceChen
71.4%
AgilityMeepo
71.3%
IntelligencePuck
71%
AgilityVengeful Spirit
70.1%
AgilitySlark
70%
IntelligenceShadow Shaman
69.9%
AgilityVenomancer
69.8%
AgilityJuggernaut
69.7%
StrengthSand King
69.7%
AgilityFaceless Void
69.6%
IntelligenceEnchantress
69.4%
StrengthOmniknight
69.3%
StrengthLegion Commander
69.1%
AgilityViper
69%
StrengthClockwerk
68.5%
StrengthCentaur Warrunner
67.9%
IntelligenceTechies
67.8%
StrengthDoom
67.5%
StrengthHuskar
67.4%
AgilityUrsa
67.4%
StrengthSlardar
67.1%
AgilityBloodseeker
66.9%
IntelligenceRubick
66.9%
IntelligenceKeeper of the Light
66.8%
AgilityNaga Siren
66.5%
IntelligenceDazzle
66.4%
StrengthTreant Protector
66.3%
StrengthMagnus
66.3%
AgilityGyrocopter
66%
StrengthTimbersaw
66%
StrengthBrewmaster
65.8%
IntelligenceWitch Doctor
65.5%
StrengthBeastmaster
65.5%
StrengthLycan
65.2%
StrengthBristleback
65.2%
IntelligenceTinker
64.8%
Attribute Hero % Correct
StrengthUnderlord
64.5%
AgilityMedusa
64.2%
AgilityWeaver
64%
AgilityBroodmother
63.8%
IntelligenceLich
63.8%
AgilityClinkz
63.8%
AgilityTerrorblade
63.6%
IntelligenceWinter Wyvern
63.2%
IntelligenceDark Seer
63.1%
IntelligenceDeath Prophet
63%
StrengthSpirit Breaker
62.7%
AgilityArc Warden
62.6%
StrengthPhoenix
62.5%
IntelligenceOutworld Devourer
62.5%
StrengthTusk
62.2%
AgilityLone Druid
61.6%
IntelligenceBane
61.3%
AgilitySpectre
61.2%
IntelligenceJakiro
60.6%
IntelligenceBatrider
60.5%
IntelligenceVisage
60.5%
IntelligenceAncient Apparition
60.4%
IntelligencePugna
59.8%
IntelligenceOracle
59.8%
AgilityMorphling
59.6%
StrengthElder Titan
58.9%
IntelligenceSkywrath Mage
58.9%
IntelligenceOgre Magi
58.8%
IntelligenceNecrophos
58.4%
IntelligenceSilencer
58%
AgilityTroll Warlord
57%
StrengthUndying
56.8%
IntelligenceWarlock
56.3%
StrengthNight Stalker
55.8%
AgilityRazor
54.8%
IntelligenceLeshrac
54.5%
IntelligenceDisruptor
52.1%

You're not logged in!

Compare scores with friends on all Sporcle quizzes.
Sign Up with Email
OR
Log In

You Might Also Like...

Show Comments

Extras

Top Quizzes Today


Score Distribution

Your Account Isn't Verified!

In order to create a playlist on Sporcle, you need to verify the email address you used during registration. Go to your Sporcle Settings to finish the process.